000 00410cam a2200157ua 4500
041 _aeng
_h
082 _a621.3
_bSMI/BA
100 _aSmith, Parker S .
245 _aBasic engineering thermodynamics /
_cParker S Smith.
_hTextual Documents
250 _a7 /
_b.
260 _aMumbai :
_bAsia Publishing House ,
_c1968.
300 _a492 :
_b506 ; .
504 _a
942 _cBK
999 _c10597
_d10597